00889nac a22002417a 4500001001000000003000900010005001700019008003400036040005400070072000800124100002000132100002000152110008300172245013800255260003900393300000900432490012700441650001900568650001400587650001700601650001600618650001300634BR8703942BR-BrBNA20240105120520.0230509b bl.|||m| |||| 00| 0 por d aBR-BrBNAbporcBiblioteca Nacional de Agricultura aF011 aGonsalves, C.A.1 aCosta, N. de L.1 aUnidade de Execucao de Pesquisa de Ambito Estadual de Porto Velho, RO (Brasil)1 aEpocas de vedacao e utilizacao de uma capineira de capim elefante (Pennisetum purpureum Schum. cv. Cameroom)em Porto Velho - Rondonia3 aPorto Velho, RO (Brasil): c1986.  a4 p. aPesquisa em Andamento - Unidade de Execucao de Pesquisa de Ambito Estadual de Porto Velho (Brazil)vno. 83xISSN 0101-7039 aCAPIM ELEFANTE aCAPINEIRA aMATERIA SECA aPORTO VELHO aRONDONIA